Educación y palabra (Registro nro. 7942)
[ vista simple ]
| 000 -LEADER | |
|---|---|
| fixed length control field | 00999 a2200217 4500 |
| 001 - CONTROL NUMBER | |
| control field | 63041 |
| 005 - DATE AND TIME OF LATEST TRANSACTION | |
| control field | 20260407155925.0 |
| 008 - FIXED-LENGTH DATA ELEMENTS--GENERAL INFORMATION | |
| fixed length control field | 260407a1987 arg spa d |
| 003 - CONTROL NUMBER IDENTIFIER | |
| control field | AR-UNSa-BCEJYS |
| 040 ## - CATALOGING SOURCE | |
| Original cataloging agency | AR-UNSa-BCEJYS |
| Language of cataloging | spa |
| Transcribing agency | AR-UNSa-BCEJYS |
| 080 ## - UNIVERSAL DECIMAL CLASSIFICATION NUMBER | |
| Universal Decimal Classification number | 37.013 |
| Common auxiliary subdivision | Teoría general de la educación. Principios de la actividad pedagógica. Pedagogía práctica |
| 020 ## - INTERNATIONAL STANDARD BOOK NUMBER | |
| International Standard Book Number | 978-950-508-220-9 |
| 041 ## - LANGUAGE CODE | |
| Language code of text/sound track or separate title | spa |
| 100 1# - MAIN ENTRY--PERSONAL NAME | |
| Personal name | Fernández, Alberto Vicente |
| 245 10 - TITLE STATEMENT | |
| Title | Educación y palabra |
| Name of part/section of a work | (Ensayo sobre Quintiliano) |
| 264 #1 - PRODUCTION, PUBLICATION, DISTRIBUTION, MANUFACTURE, AND COPYRIGHT NOTICE | |
| Place of production, publication, distribution, manufacture | Buenos Aires : |
| Name of producer, publisher, distributor, manufacturer | Astrea |
| Date of production, publication, distribution, manufacture, or copyright notice | 1987 |
| 300 ## - PHYSICAL DESCRIPTION | |
| Extent | 148 p. |
| Dimensions | 20 cm. |
| 505 ## - FORMATTED CONTENTS NOTE | |
| Formatted contents note | 1. Marco Fabio Quintiliano - 2. La pedagogía – 3. Entrada en la retórica – 4. De la invención – 5. Principios de la elocución – 6. La acción – 7. De los afectos – 8. Quintiliano como precursor de la tipología psicoverbal – 9. Crítica literaria – 10. Retórica y filosofía – 11. Retórica y derecho |
| 590 ## - LOCAL NOTE (RLIN) | |
| Local note | niveau_biblio:m niveau_hierar:0 |
| 942 ## - ADDED ENTRY ELEMENTS (KOHA) | |
| Koha item type | |
| Withdrawn status | Lost status | Damaged status | Not for loan | Home library | Current library | Shelving location | Date acquired | Total checkouts | Full call number | Barcode | Date last seen | Price effective from | Koha item type |
|---|---|---|---|---|---|---|---|---|---|---|---|---|---|
| Biblioteca Prof. Eusebio Cleto del Rey | Biblioteca Prof. Eusebio Cleto del Rey | 07/04/2026 | 37.013 F362 | L45402 | 07/04/2026 | 07/04/2026 | Libro |